A lépcső

Podrobná bibliografia
Hlavný autor: Végh, Péter, 1954- (Autor)
Ďalší autori: Szalay, Lajos (Ilustrátor)
Médium: Článok
Jazyk:maďarčina
Fyzický popis:Obr.
ISSN:1336-5088
Predmet:

MARC

LEADER 00000nab a2200000 ar4500
001 vtls010022754
003 SK-MaSNL
005 20260303045817.0
008 091118c2009 xo |||||||| |000 b|hun
015 |a SNBRB2009/11  |2 snkbucl 
038 |a SNKBUCL 
040 |a DSZK  |b slo  |c DSZK  |e AACR2 
041 0 |a hun 
044 |a xo  |c SK 
080 |a 821.511.141 (437.6)-32=511.141  |2 1997 
100 1 |a Végh, Péter,  |d 1954-  |4 aut  |9 537227 
245 1 0 |a A lépcső  |c Végh Péter ; illusztrálta Szalay Lajos 
300 |b Obr. 
650 0 7 |a psychologické poviedky, maďarské  |2 snkbucl  |9 71096 
700 1 |a Szalay, Lajos  |4 ill  |9 11492 
773 0 |t Irodalmi szemle  |g Évf. LII, sz. 10 (2009), o. 53-62  |x 1336-5088 
852 |a SNK  |b KIS3GCP 
852 |a DSZK  |b KIS3GCP 
958 |a HU 
958 |a SK 
958 |a LX 
999 |c 1705103  |d 1707033